Score 0/33 Timer 04:00
0 Plays Today
Hint 4-Letter Word % Correct
Leap into the airJUMP
98.7%
Release stomach gas through mouthBURP
97.8%
Protuberance on surfaceBUMP
94.1%
Orange road construction markerCONE
93.8%
Winter precipitationSNOW
93.5%
Below average speedSLOW
93.1%
Lancaster, Bacharach, or ReynoldsBURT
93%
With little or no lightDARK
92.7%
Nasal mucusSNOT
92.4%
Giant grass sugar sourceCANE
92.4%
College housing buildingDORM
92.2%
Solitary or singleLONE
91.8%
Without clothingBARE
91.8%
Propel oneself through water SWIM
90.6%
Breathe with short, quick breathsPANT
90.3%
Football kick on 4th downPUNT
90.1%
Flaky chimney residueSOOT
89.7%
Hint 4-Letter Word % Correct
A challenge to prove courageDARE
89.6%
Socially inept personDORK
89.4%
Pig foodSLOP
88.6%
Slender, leanSLIM
88.3%
Non-swinging batted ballBUNT
87.7%
Sharp hunger sensationPANG
87.4%
Measuring a great distance LONG
87.1%
Skirt-length undergarmentSLIP
87.1%
Canadian singer k.d.LANG
86.5%
1st, 2nd, or 3rd in MLBBASE
86.2%
Unavoidable ill fortuneDOOM
83.6%
Protective containerCASE
83.2%
Change camera shot lengthZOOM
83.1%
Blue-haired sax-playing MuppetZOOT
78.1%
M*A*S*H actress LorettaSWIT
70.3%
COMMON BONDSUIT
56%

Today's Daily Dose

You're not logged in!

Compare scores with friends on all Sporcle quizzes.
OR
Log In

Sporcle TV

Today on Sporcle TV


Watch our educational content, quiz creation guides, and fun videos on Sporcle TV.

Show Comments

Extras

Top Quizzes Today


Score Distribution

Paid Content

Your Account Isn't Verified!

In order to create a playlist on Sporcle, you need to verify the email address you used during registration. Go to your Sporcle Settings to finish the process.

Report this User

Report this user for behavior that violates our Community Guidelines.

Details: